00338nam a2200157Ia 4500008004000000041000800040082001100048100001700059245003400076260002000110650001100130650000900141650000900150650001300159650000800172210210b1955 xxu||||| |||| 00| 0 eng d aeng a887/33 aMUNSHI (K M) aBhagavad gita and modern life aBombayb-c1955 amodern alife agita aBhagavad aand